ज्ञात - अज्ञात अहिल्याबाई होळकर (Record no. 1221743)

MARC details
000 -LEADER
fixed length control field 00520nam a2200169Ia 4500
008 - FIXED-LENGTH DATA ELEMENTS--GENERAL INFORMATION
fixed length control field 260520s2024 xx 000 0 und d
020 ## - INTERNATIONAL STANDARD BOOK NUMBER
International Standard Book Number 978-81-7434-745-9
041 ## - LANGUAGE CODE
Language code of text/sound track or separate title mar
082 ## - DEWEY DECIMAL CLASSIFICATION NUMBER
Classification number 954.8/KHA
100 ## - MAIN ENTRY--PERSONAL NAME
Personal name खडपेकर, विनया
245 ## - TITLE STATEMENT
Title ज्ञात - अज्ञात अहिल्याबाई होळकर
250 ## - EDITION STATEMENT
Edition statement 8th ed
260 ## - PUBLICATION, DISTRIBUTION, ETC.
Place of publication, distribution, etc. पुणे
Name of publisher, distributor, etc. राजहंस प्रकाशन
Date of publication, distribution, etc. 2024
300 ## - PHYSICAL DESCRIPTION
Extent 286p.
500 ## - GENERAL NOTE
General note Cat No: 14937
650 ## - SUBJECT ADDED ENTRY--TOPICAL TERM
Topical term or geographic name entry element HISTORY
Holdings
Withdrawn status Lost status Damaged status Not for loan Collection Home library Current library Shelving location Date acquired Source of acquisition Cost, normal purchase price Total Checkouts Full call number Barcode Date last seen Price effective from Koha item type Public note
          Dr.Patangrao Kadam Mahavidyalaya, Sangli Dr.Patangrao Kadam Mahavidyalaya, Sangli   06/04/2026 Bharati Madhyavarti Sahakari Grahak Bhandar, Pune (Best Book Supplier, Kolhapur) 400.00   954.8/KHA PKS-25105 20/05/2026 20/05/2026 Book General book section